000 00591nam a2200217 i 4500
001 C2-0085647
003 PPAK
005 20180727090608.0
008 970430s1991 nyua|||| ||||| | eng d
040 _aPPAK
_beng
_cPPAK
_erda
082 0 4 _a641.821
_223
090 0 0 _a641.821
_bONE
_dR
245 0 0 _aOne dish meals
264 1 _aNew York :
_bThe Reader's Digest Associations ,
_c1991
300 _a352 pages :
_billustrations ;
_c22 cm
336 _2rdacontent
_atext
337 _2rdamedia
_aunmediated
338 _2rdacarrier
_avolume
650 1 0 _aCasserole cookery
942 _ddc
_cB
999 _c17218
_d17218